01560naa#a2200253#i#4500001001600000005001700016011001400033100004100047102000700088200029100095210009500386215001100481606018400492608004500676675015800721686006600879686006600945686006501011686007001076686004101146700005201187700005401239856001301293RU\\bibl\11440420260512205312.2##a2949-6349##a20260331b2026####ek#y0rusy0150####ca##aRU1#aИскусственный интеллект в профессиональном спорте: текущие мировые реалии и тренды с акцентом на прогнозирование травматизма в футболеeЖурнальная статья1#aМоскваcАссоциация компьютерных наук в спортеd2026##a12 с.##aКомпьютерные и информационные науки. 02.00.00aНауки о здоровье и профилактическая медицина. 32.00.002local##aЖурнальная статья2local##aФутбол. 796.332aИскусственный интеллект. 004.8aПеремещение человека в пространстве. 612.766##aФизико-математические науки. 222bbk##aПрикладные отрасли медицины. 582bbk##aФизическая культура и спорт. 752bbk##aФИЗИЧЕСКАЯ КУЛЬТУРА И СПОРТ. 77.002grnti##aИНФОРМАТИКА. 20.002grnti#1aКронфельдgМаксим Юрьевич#1aРубинштейнgИрина Ароновна4#arjits.ru